Arquitectura de computadoras
Salvato in:
| Autore principale: | |
|---|---|
| Natura: | Libro |
| Lingua: | Spanish |
| Pubblicazione: |
México : Prentice Hall Hispanoamericana
1994
|
| Soggetti: | |
| Tags: |
Aggiungi Tag
Nessun Tag, puoi essere il primo ad aggiungerne!!
|
MARC
| LEADER | 00000nam a2200000Ia 4500 | ||
|---|---|---|---|
| 003 | 000652 | ||
| 005 | 20221231144008.0 | ||
| 008 | 140114s1994 mx a 000 u|spa d | ||
| 040 | |c cru CEDI | ||
| 082 | |a 621.381.958 M285a2 | ||
| 100 | |a Mano, M. Morris |9 19042 | ||
| 245 | |a Arquitectura de computadoras | ||
| 260 | |a México : Prentice Hall Hispanoamericana |c 1994 | ||
| 300 | |a xx, 562 páginas | ||
| 500 | |a Traducción de: Computer systems architecture | ||
| 650 | |x COMPUTADORAS ELECTRONICAS DIGITALES |9 19074 | ||
| 942 | |2 ddc |c BK | ||
| 999 | |c 15346 |d 15346 | ||
